Sports Quiz

Random Sports or Football Quiz

NU Spring Roster 2011 Quiz Stats

 Plays Quiz not verified by Sporcle

Also try: Sports by Lego II
Challenge
Share
Tweet
Embed
Score 0/85 Timer 10:00
0 Plays Today
Number Player % Correct
QBDan Persa
95.1%
QBEvan Watkins
85.4%
QBKain Colter
82.9%
RBAdonis Smith
82.3%
OLBrian Smith
78.7%
SBDrake Dunsmore
76.8%
RBMike Trumpy
76.8%
WRJeremy ****
74.4%
WRTony Jones
70.1%
RBTyris Jones
68.3%
DBDaniel Jones
67.1%
QBTrevor Siemian
64%
SBrian Peters
62.8%
PBrandon Williams
62.8%
DLQuentin Williams
62.2%
WRCharles Brown
61.6%
OLAl Netter
60.4%
WRVenric Mark
59.1%
RBJacob Schmidt
56.7%
CBJordan Mabin
54.9%
WRDemetrius Fields
54.3%
LBBen Johnson
54.3%
DLVince Browne
50.6%
LBBryce McNaul
50.6%
OLPatrick Ward
50.6%
SHunter Bates
48.8%
DLKevin Watt
48.8%
SDavid Arnold
48.2%
KJeff Budzien
48.2%
Number Player % Correct
OLBen Burkett
47.6%
WRRashad Lawrence
46.3%
CBJeravin Matthews
45.1%
DLNiko Mafuli
44.5%
OLBrian Mulroe
42.1%
DBIbraheim Campbell
41.5%
KSteve Flaherty
39.6%
OLDoug Bartels
39%
SJared Carpenter
39%
WRMike Jensen
37.8%
DLBrian Arnfelt
37.2%
DLJack DiNardo
36%
SBBrett Nagel
36%
DLTyler Scott
36%
DLChance Carter
33.5%
LBDavid Nwabuisi
32.9%
CBRicky Weina
32.9%
OLPaul Jorgensen
30.5%
OLColin Armstrong
29.3%
CBDemetrius Dugar
29.3%
OLChuck Porcelli
28.7%
RBTim Hanrahan
28%
SBJohn Plasencia
28%
LBDamien Proby
28%
LBChi Chi Ariguzo
27.4%
WRBrendan Barber
27.4%
DLAnthony Battle
26.8%
DLWill Hampton
25.6%
OLBrandon Vitabile
25%
Number Player % Correct
CBTim Weak
25%
OLNeal Deiters
23.8%
DLDavon Custis
23.2%
CBMike Bolden
22.6%
OLHayden Baker
22%
LBRoderick Goodlow
22%
LSPat Hickey
21.3%
WRDrew Moulton
21.3%
LBTimmy Vernon
21.3%
LBCollin Ellis
20.7%
DBJimmy Hall
20.1%
LBWill Studlien
19.5%
CBC.J. Bryant
18.3%
LBStone Pinckney
17.7%
DLBo Cisek
16.5%
WRTorin Dupper
16.5%
DLSean McEvilly
16.5%
LBTim Riley
16.5%
DBDavion Fleming
14%
OLTaylor Paxton
12.8%
DBJoe Cannon
10.4%
DBMike Eshun
9.8%
WRJaleel Reed
9.8%
SBChristian Flores
9.1%
DLJake Gregus
9.1%
CBJames Kurzawski
6.7%
WRJovi Chokor
5.5%

You're not logged in!

Compare scores with friends on all Sporcle quizzes.
OR
Log In

You Might Also Like...

Show Comments

Extras

Top Quizzes Today


Score Distribution

Your Account Isn't Verified!

In order to create a playlist on Sporcle, you need to verify the email address you used during registration. Go to your Sporcle Settings to finish the process.

Report this User

Report this user for behavior that violates our Community Guidelines.

Details: